000 01444nam a2200313 4500
001 34
003 OSt
005 20250528074010.0
008 250121b |||||||g |||| 00| 1 eng d
020 _a8527902176
040 _bpor
041 _heng
_apor
082 _a813
_bA887n
100 1 _aAtwood, Margaret,
_d1939-
_995
240 _aThe robber bride
245 _aA noiva Ladra /
_cAtwood, Margeret ; Tradução de M. J. Silveira
260 _aSão Paulo
_bMarco Zero
_c1995
300 _a478 p.
520 _aNeste clássico da aclamada escritora canadense Margaret Atwood, três amigas de longa data cumprem o ritual de se reunirem mensalmente no sugestivo restaurante Toxique quando são surpreendidas por uma desagradável descoberta: Zenia, que afetou profundamente a vida de Tony, Charis e Roz, está viva, e observando o trio com uma voracidade aterradora. Ao saberem que ela está hospedada num hotel local, cada uma das personagens segue em busca de explicações; das quatro mulheres, uma não sairá viva de l á. A noiva ladra desafia o leitor a descobrir os mistérios por trás das múltiplas identidades e das ações de Zenia.
650 0 _aLiteratura Canadense
_996
650 0 _aVingança
_997
650 0 _aEmponderamento
_932
650 0 _aMistério
_942
650 0 _aGrandes Amizades
_928
655 0 _aRomance
_923
655 0 _aFicção
_922
700 _aM. J. Silveira
_eTradutor
_998
942 _2ddc
_n0
_cBK
999 _c34
_d34